Women in the Zambian civil service: a case of equal opportunities? (Record no. 27104)

000 -LEADER
fixed length control field 01189pab a2200157 454500
008 - FIXED-LENGTH DATA ELEMENTS--GENERAL INFORMATION
fixed length control field 180718b xxu||||| |||| 00| 0 eng d
100 ## - MAIN ENTRY--PERSONAL NAME
Personal name Turner Thomas
245 ## - TITLE STATEMENT
Title Women in the Zambian civil service: a case of equal opportunities?
362 ## - DATES OF PUBLICATION AND/OR SEQUENTIAL DESIGNATION
Dates of publication and/or sequential designation 14(1), Feb 1994, p.79-92
520 ## - SUMMARY, ETC.
Summary, etc. There is a paucity of empirical microlevel studies of women in the formal sector in developing countries. This article attempts to redress this deficit and focuses on the position of women in the Zambian civil service using information from a sample of personnel records. Although women are disproportionately represented in the civil service compared with other areas of the formal economy, the current positions of males and females are significantly different. However, the results of the survey are not easily encompassed in the prevailing theoretical frameworks and, rather surprisingly, it appears that it is age rather than gender that is the crucial explanatory variable. Finally, a number of possible explan
650 ## - SUBJECT ADDED ENTRY--TOPICAL TERM
Topical term or geographic name entry element Civil Service -- Zambia
650 ## - SUBJECT ADDED ENTRY--TOPICAL TERM
Topical term or geographic name entry element Women in the Civil Service -- Zambia
700 ## - ADDED ENTRY--PERSONAL NAME
Personal name O'Connor Pat
773 ## - HOST ITEM ENTRY
Main entry heading Public Administration and Development
909 ## -
-- 27104
Holdings
Withdrawn status Lost status Damaged status Not for loan Permanent Location Current Location Date acquired Barcode Date last seen Price effective from Koha item type
        Indian Institute of Public Administration Indian Institute of Public Administration 2018-07-19 AR27206 2018-07-19 2018-07-19 Articles

Powered by Koha